Classical dances of India / (Record no. 138263)

MARC details
000 -LEADER
fixed length control field 00516nam a22001817a 4500
005 - DATE AND TIME OF LATEST TRANSACTION
control field 20170405115726.0
010 ## - LCCN (DPL NO)
LC control number ENG-117482
020 ## - INTERNATIONAL STANDARD BOOK NUMBER
International Standard Book Number 9789382632115
Terms of availability 750.00
035 ## - SYSTEM CONTROL NUMBER
System control number EN-101014
037 ## - SOURCE OF ACQUISITION
Source of stock number/acquisition DBAD/PUB
082 ## - DEWEY DECIMAL CLASSIFICATION NUMBER
Classification number 791.31954
100 ## - MAIN ENTRY--PERSONAL NAME
Personal name Beri, Seema
245 ## - TITLE STATEMENT
Title Classical dances of India /
Statement of responsibility, etc by Seema Beri
260 ## - PUBLICATION, DISTRIBUTION, ETC. (IMPRINT)
Place of publication, distribution, etc Allahbad
Name of publisher, distributor, etc Aprajita Publication
Date of publication, distribution, etc 2016
270 ## - ADDRESS
Address 5, khusro Bagh Road
City Allahbad
Postal code 211001
300 ## - PHYSICAL DESCRIPTION
Extent 318p.
Other physical details 24cm(Hb)
942 ## - ADDED ENTRY ELEMENTS (KOHA)
Source of classification or shelving scheme Dewey Decimal Classification
Item type English Books
Classification part 791.31954
Call number suffix BER
Holdings
Withdrawn status Lost status Not for loan Collection code Home library Current library Date acquired Source of acquisition Cost, normal purchase price Full call number Barcode Copy number Cost, replacement price Koha item type
    Not For Loan Non-fiction D.B.Act.Division Bawana 15/03/2017 DBAD/PUB 750.00 791.31954 BER EN-101014 1 750.00 English Books

© Delhi Public Library
Hit Counter
free hit counter